Prime London residential markets (Record no. 114419)

MARC details
000 -LEADER
fixed length control field 01213cad a22002295a 4500
001 - CONTROL NUMBER
control field L156799
008 - FIXED-LENGTH DATA ELEMENTS--GENERAL INFORMATION
fixed length control field 120716s2012 xxkdo f 000 0 eng d
035 ## - SYSTEM CONTROL NUMBER
System control number (Sirsi) u156799
041 0# - LANGUAGE CODE
Language code of text/sound track or separate title eng
110 2# - MAIN ENTRY--CORPORATE NAME
Corporate name or jurisdiction name as entry element Savills Research
9 (RLIN) 5211
245 00 - TITLE STATEMENT
Title Prime London residential markets
Remainder of title July 2012
Medium [electronic resource]
260 ## - PUBLICATION, DISTRIBUTION, ETC.
Place of publication, distribution, etc. London
Name of publisher, distributor, etc. Savills
Date of publication, distribution, etc. 2012
490 #0 - SERIES STATEMENT
Series statement Savills Research Residential Market in Minutes Prime London Residential Markets
Volume/sequential designation July 2012
520 ## - SUMMARY, ETC.
Summary, etc. London's prime residential values increased by an average of 0.9% in 2 Qr 2012 and annual growth slowed to 6%. Overseas buyers made up 58% of all buyers in the first half 2012. Factors such as higher Stamp Duty on properties worth over 2 million pounds and currency exchange rates could lead to a lull in prime residential growth which could affect other UK prime markets.
521 ## - TARGET AUDIENCE NOTE
Target audience note Advanced
590 ## - LOCAL NOTE (RLIN)
Local note KA
650 24 - SUBJECT ADDED ENTRY--TOPICAL TERM
Topical term or geographic name entry element SAVILLS MARKET IN MINUTES
651 #4 - SUBJECT ADDED ENTRY--GEOGRAPHIC NAME
Geographic name United Kingdom
Chronological subdivision
690 ## - LOCAL SUBJECT ADDED ENTRY--TOPICAL TERM (OCLC, RLIN)
Topical term or geographic name as entry element Residential property
9 (RLIN) 6266
856 40 - ELECTRONIC LOCATION AND ACCESS
Uniform Resource Identifier <a href="https://pdf.euro.savills.co.uk/uk/market-in-minute-reports/market-in-minutes-prime-london-residential-july-2012.pdf">https://pdf.euro.savills.co.uk/uk/market-in-minute-reports/market-in-minutes-prime-london-residential-july-2012.pdf</a>
Public note View the report after free registration at www.savills.co.uk
942 ## - ADDED ENTRY ELEMENTS (KOHA)
Suppress in OPAC 0
Holdings
Withdrawn status Lost status Source of classification or shelving scheme Damaged status Not for loan Home library Current library Shelving location Date acquired Total Checkouts Full call number Barcode Date last seen Copy number Price effective from Koha item type
    Dewey Decimal Classification     Virtual Virtual Books 16/07/2012   ONLINE PUBLICATION 156799-2001 06/08/2019 1 06/08/2019 Book